| 000 | 00000nam 2200000za 4500 |
| 001 | 9.690567 |
| 003 | CaOODSP |
| 005 | 20241203113636 |
| 007 | cr ||||||||||| |
| 008 | 150407s2009 quc o f000 0 eng d |
| 020 | |a978-0-662-47606-1 |
| 040 | |aCaOODSP|beng |
| 043 | |an-cn--- |
| 086 | 1 |aEn4-83/2008E-PDF |
| 110 | 1 |aCanada. |bEnvironment Canada. |
| 245 | 10|aCanada-United States Joint Inland Pollution Contingency Plan, 2009 |h[electronic resource] / |cco-published by United States Environmental Protection Agency. |
| 260 | |aGatineau - Quebec : |bEnvironment Canada |c2009. |
| 300 | |a44p.|bcoloured figs., coloured map |
| 500 | |aThe catalogue number (En4-83/2008E) and ISBN (978-0-662-47605-4) for the print edition have been incorrectly copied in this electronic publication. |
| 590 | |a12-25-Supp|b2012-06-04 |
| 690 | 07|aEmergency preparedness|2gcpds |
| 690 | 07|aPollution|2gcpds |
| 775 | 08|tPlan d'urgence bilatéral États-Unis-Canada en cas de pollution dans la zone frontalière intérieure, 2009 |w(CaOODSP)9.634919 |
| 794 | |tCanada-United States joint inland pollution contingency plan.|b2022|w(CaOODSP)9.903678 |
| 856 | 40|qPDF|s430 KB|uhttps://publications.gc.ca/collections/collection_2012/ec/En4-83-2008-eng.pdf |